| 000 | 00480nam a2200133 a 4500 | ||
|---|---|---|---|
| 008 | 120416s1949 ||||||||||||||||| || u | ||
| 050 | _aQA 155 Wei | ||
| 100 | _aWeiss, Marie J | ||
| 245 | 1 | 0 | _aHigher algebra for the undergraduate |
| 260 |
_aNew York _bJohn Wiley and Sons _c1949 |
||
| 300 | _aviii,165p. | ||
| 350 | _a0.00 | ||
| 995 |
_D0.00 _FCBU-MAIN LIBRARY (Kitwe) _H1 _I2.00 _M1 _UAVAILABLE _ZMain Library Open Access Collection |
||
| 999 |
_c45525 _d45525 |
||